000 00347 a2200109 4500
001 ART_18422
005 20260410161702.0
008 260409a
245 1 0 _aAFIP receptó el criterio de la CSJN aplicable a ciertas indemnizaciones
100 1 _aFerraro, Ricardo H.
773 0 _tRevista Impuestos
_g- Nº 1 (ene. 2013)
_wREV639
999 _c15227
_d15227